| 000 | 00329nam a22001337a 4500 | ||
|---|---|---|---|
| 008 | 171213b xxu||||| |||| 00| 0 eng d | ||
| 020 | _a9789997638236 | ||
| 041 | _aeng | ||
| 080 |
_26 ED _a616.9 |
||
| 100 | _a8 | ||
| 101 | _aINF | ||
| 245 |
_aPRINCIPLES AND PRACTICE OF INFECTOUS DISEASES _cMANDELL.G.L |
||
| 942 |
_2udc _cBK |
||
| 999 |
_c38882 _d38882 |
||